banner-ar

ادارة الضغوط الحياتية من منظور اجتماعي معاصر = (Record no. 62948)

MARC details
000 -الفاتح
حقل البيانات ثابتة الطول 01157nam a22002657a 4500
005 - وقت وتاريخ اخر تعامل مع التسجيلة
رقم الضبط 20240530110615.0
008 - عناصر البيانات ثابتة الطول - معلومات عامة
حقل البيانات ثابتة الطول 161129s2015 ua ak g b 000 0 ara d
017 ## - رقم الايداع القانونى
رقم الايداع القانونى 20551
المصدر ( الهيئة المختصة) مصر . دار الكتب المصرية
020 ## - الرقم الدولى المعيارى للكتب
الرقم الدولى المعيارى للكتاب 9789774103958
040 ## - مصدر الفهرسة
وكالة الفهرسة الأصلية EG-CaGPL
082 04 - رقم تصنيف ديوى العشرى
رقم الطبعة 21
رقم التصنيف 361.1\
رقم المادة ن أ
100 0# - المدخل الرئيسى - إسم شخصى
الإسم الشخصى نعيم عبدالوهاب شلبي
245 10 - بيان العنوان
العنوان ادارة الضغوط الحياتية من منظور اجتماعي معاصر =
بقية العنوان " life streemangent " contemporary social perspective /
بيان المسئوليه,etc نعيم عبدالوهاب شلبي
246 10 - العنوان الموازى
عنوان صحيح/عنوان مختصر " life streemangent " contemporary social perspective
250 ## - بيان الطبعة
بيان الطبعة ط. 1
260 ## - PUBLICATION, DISTRIBUTION, ETC. (IMPRINT)
تاريخ النشر أو التوزيع 2015
300 ## - الوصف المادى
التعداد 206 ص. :
تفاصيل ماديه اخرى للوعاء جداول ، اشكال ؛
أبعاد الوعاء 24 سم .
504 ## - تبصرة ببليوجرافية
تبصرة ببليوجرافية,الخ ببليوجرافية : ص 189 - 206
650 07 - المدخل الاضافى بالموضوع-مصطلح موضوعى
مصدر الرأس أو المصطلح qrmak
مصطلح موضوعي الضغط الاجتماعى
650 07 - المدخل الاضافى بالموضوع-مصطلح موضوعى
مصدر الرأس أو المصطلح qrmak
مصطلح موضوعي المشاكل الاجتماعية
650 07 - المدخل الاضافى بالموضوع-مصطلح موضوعى
مصدر الرأس أو المصطلح qrmak
مصطلح موضوعي المعوقون
650 07 - المدخل الاضافى بالموضوع-مصطلح موضوعى
مصدر الرأس أو المصطلح qrmak
مصطلح موضوعي المعوقون
التقسيم الفرعي العام رعاية وعلاج
942 ## - عناصر المدخل الإضافي( كوها)
مصدر التصنيف او مخطط الترفيف Dewey Decimal Classification
Koha [default] item type كتاب
260 ## - PUBLICATION, DISTRIBUTION, ETC. (IMPRINT)
-- المنصورة :
-- المكتبة العصرية للنشر والتوزيع ،
Holdings
حالة التراجع حالة الفقد حالة تلف ليس للاعارة المكان المؤقت الموقع الحالى موقع الترفيف تاريخ الاكتساب اجمالي اﻻعارات رقم الطلب الباركود تاريخ اخر مشاهدة تاريخ تفعيل السعر نوع وعاء كوها
        مكتبة القاهرة الكبرى مكتبة القاهرة الكبرى القاعة الرئيسية 11/29/2016   361.1\ أ ن 162872 11/29/2016 11/29/2016 كتاب

Powered By

EGPV